Sportifs français par image : D - Statistiques

Statistiques générales
  • Ce quiz a été pris 382 fois
  • Le résultat moyen est 8 sur 16
Statistiques - réponses
Par images Réponse % Correct
Didier Deschamps
99%
Antoine Dupont
98%
Ousmane Dembélé
94%
David Douillet
67%
Youri Djorkaeff
55%
Yohann Diniz
52%
Christophe Dominici
51%
Stéphane Diagana
48%
Nando De Colo
46%
Romane Dicko
43%
Cléopâtre Darleux
34%
Elisa De Almeida
33%
Steven Da Costa
20%
Pauline Déroulède
9%
Guy Drut
8%
Johanne Defay
7%
Aucun quiz correspondant
Distribution des résultats
% des personnes avec chaque résultat
Percentile par nombre de réponses
Votre historique - résultats
Vous n’avez pas pris ce quiz